Postacie League of Legends po tytułach - Statystyki

Ogólne statystyki
  • Ten quiz został rozwiązany 140 razy
  • Średni wynik to 76 z 157
Statystyki odpowiedzi
Hint Odpowiedź % Poprawnych
Minotaur Alistar
94%
Lodowa Łuczniczka Ashe
94%
Mag Run Ryze
86%
Smutna Mumia Amumu
84%
Chłopiec i Jego Yeti Nunu i Willump
84%
Szalony Chemik Singed
83%
Szermierz Wuju Master Yi
82%
Mistrz Kart Twisted Fate
82%
Strażnik Czasu Zilean
81%
Szczur Zarazy Twitch
79%
Pancerznik Rammus
76%
Małpi Król Wukong
75%
Demoniczny Błazen Shaco
73%
Prastary Strach Fiddlesticks
72%
Ślepy Mnich Lee Sin
72%
Król Trolli Trundle
72%
Kriofeniks Anivia
71%
Strażniczka Młota Poppy
71%
Lisica o Dziewięciu Ogonach Ahri
70%
Wężowy Uścisk Cassiopeia
69%
Sprawiedliwa Kayle
69%
Upadła Morgana
69%
Dumna Kanonierka Tristana
69%
Półsmok Shyvana
68%
Ręka Noxus Darius
67%
Potęga Demacii Garen
67%
Król Barbarzyńców Tryndamere
66%
Dziecko Ciemności Annie
65%
Kolos Galio
65%
Córa Pustki Kai'Sa
65%
Królowa Pająków Elise
64%
Postrach Siedmiu Mórz Gangplank
64%
Wyzwolony z Kajdan Sylas
64%
Oko Pustki Vel'Koz
64%
Zniszczony Król Viego
64%
Nieposkromiony Postrach Zaun Warwick
64%
Szeryf Piltover Caitlyn
63%
Chłopiec, Który Ujarzmił Czas Ekko
63%
Zwierzęca Łowczyni Nidalee
63%
Mechaniczna Baletnica Orianna
63%
Wielki Generał Noxusu Swain
63%
Magiczna Kotka Yuumi
63%
Wielki Golem Parowy Blitzcrank
62%
Wielbiony Wynalazca Heimerdinger
62%
Wystrzałowa Wariatka Jinx
62%
Spaczony Drzewiec Maokai
62%
Berserker Olaf
62%
Ostrze Darkinów Aatrox
61%
Architekt Gwiazd Aurelion Sol
61%
Wirtuozka Strun Sona
61%
Tańcząca z Ostrzami Irelia
60%
Wiedźma Lodu Lissandra
60%
Postrach Pustki Cho'Gath
59%
Ciekawski Kameleon Neeko
59%
Rozmarzona Piosenkarka Seraphine
59%
Wirtuoz Jhin
57%
Tytan Głębin Nautilus
57%
Zielony Ojciec Ivern
56%
Wędrowiec Pustki Kassadin
56%
Prorok Pustki Malzahar
56%
Władczyni Przypływów Nami
56%
Imperator Pustyni Azir
55%
Płomień Zemsty Brand
55%
Okruch Monolitu Malphite
55%
Mglista Krawczyni Gwen
54%
Pani Jasności Lux
54%
Pogarda Księżyca Diana
53%
Mistrz Broni Jax
53%
Wieczny Koszmar Nocturne
53%
Tkaczka Skał Taliyah
53%
Kapłanka Krakena Illaoi
52%
Cesarzowa Żywiołów Qiyana
52%
Ponuraczka Vex
52%
Skryta Zabójczyni Akali
51%
Mistrzyni Fechtunku Fiora
51%
Piewca Śmierci Karthus
51%
Rzeczny Król Tahm Kench
51%
Stróż Prawa z Piltover Vi
51%
Wróżkowa Czarodziejka Lulu
49%
Gwiezdne Dziecko Soraka
49%
Władca Cieni Zed
49%
Wiedźma Cierni Zyra
49%
Karczemny Zabijaka Gragas
48%
Kryształowy Strażnik Skarner
48%
Pustynny Rzeźnik Renekton
47%
Łowca Rengar
47%
Chyży Zwiadowca Teemo
47%
Ogień z Wnętrza Góry Ornn
46%
Panicz Zła Veigar
46%
Odkrywca z Powołania Ezreal
43%
Wzór dla Demacian Jarvan IV
43%
Rozprówacz z Krwawego Portu Pyke
43%
Uwodziciel Rakan
43%
Wyniesiony Mag Xerath
43%
Hextechowy Saper Ziggs
43%
Wieczni Łowcy Kindred
42%
Serce Freljordu Braum
41%
Dzielny Bombardier Corki
41%
Furia Pustki Rek'Sai
41%
Żelazna Mścicielka Rell
41%
Aspekt Zmierzchu Zoe
41%
Szaleniec z Zaun Dr Mundo
40%
Łowca Pustki Kha'Zix
40%
Bezlitosny Grom Volibear
40%
Pasterz Zgubionych Dusz Yorick
40%
Kustosz Pustyni Nasus
39%
Niezniszczalna Włócznia Pantheon
39%
Nieumarły Niszczyciel Sion
39%
Zwiastun Maszyn Viktor
39%
Skrzydła Demacii Quinn
37%
Tarcza Valoranu Taric
37%
Buntowniczka Xayah
37%
Włócznia Zemsty Kalista
36%
Promyk Jutrzenki Leona
36%
Róża Pustyni Samira
36%
Cień Ostrza Talon
36%
Seneszal Demacii Xin Zhao
36%
Paszcza Otchłani Kog'Maw
34%
Oszustka LeBlanc
34%
Złowieszcze Ostrze Katarina
33%
Strzała Odkupienia Varus
33%
Nocna Łowczyni Vayne
33%
Żelazny Upiór Mordekaiser
32%
Tajna Broń Zac
32%
Żniwiarz Cienia Kayn
31%
Gangster Sett
31%
Wędrujący Opiekun Bard
29%
Lękliwy Rozkwit Lillia
26%
Zmechanizowany Zabijaka Rumble
26%
Szachraj Sztormów Fizz
24%
Szał Burzy Janna
24%
Obrońca Jutra Jayce
23%
Serce Nawałnicy Kennen
23%
Swarliwy Rajtar Kled
23%
Wygnaniec Riven
23%
Strażnik Łańcuchów Thresh
23%
Banita Graves
22%
Oświecona Karma
22%
Zbuntowany Strażnik Akshan
21%
Pani Wojny Sivir
21%
Motor Agonii Urgot
21%
Gniew Północy Sejuani
20%
Oko Zmierzchu Shen
20%
Krwiożerczy Żniwiarz Vladimir
20%
Wiecznie Żywy Yone
19%
Brakujące Ogniwo Gnar
18%
Pokutnik Yasuo
18%
Broń Wiernych Aphelios
16%
Wielki Oprawca Draven
16%
Kleryk Broni Lucian
16%
Odkupicielka Senna
16%
Łowca Nagród Miss Fortune
15%
Mroczna Władczyni Syndra
15%
Duchowy Wędrowca Udyr
15%
Uścisk Śmierci Evelynn
14%
Cień Wojny Hecarim
12%
Stalowy Cień Camille
10%
Nie znaleziono quizów pasujących do podanych kryteriów
Rozkład punktacji
Procent ludzi z każdym wynikiem
Percentyl według liczby udzielonych odpowiedzi
Twoja historia wyników
Nie rozwiązałeś tego quizu